[Event "79Âº Campeonato Brasileiro Absoluto de Xadrez - Fas
[Site "www.cbx.org.br"]
[Date "2013.02.25"]
[Round "1"]
[Board "3"]
[White "Molina, Roberto Junio Brito"]
[Black "Olivencia, Flavio"]
[Result "1-0"]
[WhiteElo "2414"]
[BlackElo "2211"]
[PlyCount "65"]
[EventDate "2013.02.25"]
[EventRounds "11"]
[EventCountry "BRA"]

1. d4 c5 2. d5 e5 3. e4 d6 4. Be2 Be7 5. Nf3 Bg4 6. Nfd2 Bxe2 7. Qxe2 Bg5 8.
O-O Ne7 9. Qb5+ Kf8 10. Qxb7 Nd7 11. Qb5 Nf6 12. Qe2 Rb8 13. Nc4 Bxc1 14. Rxc1
Ng6 15. g3 h5 16. h4 Nxh4 17. gxh4 Ng4 18. f3 Qxh4 19. fxg4 Rh6 20. Nbd2 Rg6
21. Ne3 Qg3+ 22. Ng2 Rxg4 23. Rf1 Rxb2 24. Qf2 Qxf2+ 25. Rxf2 Rxc2 26. Rb1 f6
27. Rb8+ Ke7 28. Rb7+ Ke8 29. Rxa7 h4 30. Kh2 Rg3 31. Nxh4 Rd3 32. Nhf3 g5 33.
Kg3 1-0

[Event "79Âº Campeonato Brasileiro Absoluto de Xadrez - Fas
[Site "www.cbx.org.br"]
[Date "2013.02.25"]
[Round "1"]
[Board "4"]
[White "Carneiro, Vitor Roberto Castro"]
[Black "Santiago, Yago De Moura"]
[Result "1-0"]
[WhiteElo "2089"]
[BlackElo "2405"]
[PlyCount "71"]
[EventDate "2013.02.25"]
[EventRounds "11"]
[EventCountry "BRA"]

1. c4 f5 2. Nc3 Nf6 3. g3 g6 4. Bg2 Bg7 5. Rb1 O-O 6. b4 e5 7. d3 Nh5 8. Qb3 h6
9. c5+ Kh7 10. b5 Re8 11. Nf3 d6 12. cxd6 cxd6 13. Nh4 Be6 14. Bd5 Nd7 15. Ba3
Bxd5 16. Qxd5 e4 17. O-O Nb6 18. Qb3 d5 19. dxe4 dxe4 20. Rbd1 Qf6 21. Nd5 Nxd5
22. Rxd5 Nf4 23. Rd7 Nxe2+ 24. Kh1 Nd4 25. Bb2 Qe6 26. Rxg7+ Kxg7 27. Bxd4+ Kh7
28. Rc1 Qd7 29. Bxa7 e3 30. Bxe3 g5 31. Rd1 Qe7 32. Bc5 Qe4+ 33. f3 Qe6 34.
Qxe6 Rxe6 35. Rd7+ Kg8 36. Nxf5 1-0

[Event "79Âº Campeonato Brasileiro Absoluto de Xadrez - Fas
[Site "www.cbx.org.br"]
[Date "2013.02.25"]
[Round "1"]
[Board "6"]
[White "Mendonca, Mateus Nakajo"]
[Black "Souza Neves, Andrey M."]
[Result "1-0"]
[WhiteElo "2255"]
[BlackElo "2159"]
[PlyCount "103"]
[EventDate "2013.02.25"]
[EventRounds "11"]
[EventCountry "BRA"]

1. e4 b6 2. d4 Bb7 3. Bd3 e6 4. Nf3 Nf6 5. Qe2 d5 6. e5 Ne4 7. Nbd2 Nxd2 8.
Bxd2 Be7 9. h4 h6 10. Rh3 a5 11. Rg3 g6 12. h5 g5 13. Nh2 Ba6 14. Ng4 Bxd3 15.
Qxd3 c5 16. c3 c4 17. Qc2 b5 18. Kf1 Nd7 19. Re1 Qb6 20. Rf3 Nf8 21. Kg1 Rb8
22. a3 Rh7 23. Rf6 b4 24. axb4 axb4 25. Rxh6 Rxh6 26. Nxh6 bxc3 27. Bxc3 Bb4
28. Qa4+ Qb5 29. Qxb5+ Rxb5 30. Ra1 Bxc3 31. Ra8+ Ke7 32. Ng8+ Kd7 33. Nf6+ Kc7
34. bxc3 Rb8 35. Rxb8 Kxb8 36. h6 Kc7 37. Kf1 Kc6 38. Ke2 Kb5 39. Kd2 Kc6 40.
Ke3 Kb5 41. g3 Ng6 42. h7 Ka4 43. Ng4 Kb3 44. Kd2 Kb2 45. Nh2 f6 46. exf6 e5
47. Nf3 exd4 48. Nxd4 Nh8 49. f3 Nf7 50. Ne6 Nh8 51. Nxg5 d4 52. Ne4 1-0

[Event "79Âº Campeonato Brasileiro Absoluto de Xadrez - Fas
[Site "www.cbx.org.br"]
[Date "2013.02.26"]
[Round "2"]
[Board "1"]
[White "Macedo, Maximo Iack"]
[Black "Souza Neves, Andrey M."]
[Result "0-1"]
[WhiteElo "2408"]
[BlackElo "2159"]
[PlyCount "116"]
[EventDate "2013.02.25"]
[EventRounds "11"]
[EventCountry "BRA"]

1. d4 b6 2. e4 Bb7 3. Bd3 e6 4. Nf3 Nf6 5. Qe2 d5 6. e5 Nfd7 7. Ng5 Be7 8. Qg4
h5 9. Qg3 h4 10. Qg4 Nf8 11. Nf3 g6 12. Nc3 c6 13. Bg5 Rh5 14. Bxe7 Qxe7 15.
O-O-O Ba6 16. Ne2 Bxd3 17. Rxd3 Na6 18. Nf4 Rh8 19. Ra3 Nc7 20. Ng5 Nb5 21. Rd3
c5 22. dxc5 bxc5 23. Nfh3 Nd4 24. Rhd1 Nf5 25. Qa4+ Qd7 26. Qa3 c4 27. Ne4 Nh7
28. Rc3 Qc6 29. Neg5 Nxg5 30. Nxg5 d4 31. Rf3 Rh5 32. Nh3 a6 33. Kb1 O-O-O 34.
b3 c3 35. Qb4 Qb5 36. Qa3 g5 37. Rfd3 Kb7 38. Ng1 Qxe5 39. Nf3 Qd6 40. Qa5 Qd5
41. Qxd5+ Rxd5 42. Nxd4 Nxd4 43. Rxd4 g4 44. Kc1 Rhe5 45. Rxg4 Re2 46. Rf4 Rf5
47. Rxf5 exf5 48. Rd7+ Kb6 49. Kd1 Rxf2 50. Rxf7 Rd2+ 51. Ke1 Rxg2 52. Rxf5
Rxc2 53. Kd1 Rxh2 54. Rh5 h3 55. a4 a5 56. Rb5+ Ka6 57. Rh5 Rd2+ 58. Kc1 h2 0-1

[Event "79Âº Campeonato Brasileiro Absoluto de Xadrez - Fas
[Site "www.cbx.org.br"]
[Date "2013.02.26"]
[Round "2"]
[Board "2"]
[White "Barbosa, Evandro Amorim"]
[Black "Mendonca, Mateus Nakajo"]
[Result "1-0"]
[WhiteElo "2422"]
[BlackElo "2255"]
[PlyCount "99"]
[EventDate "2013.02.25"]
[EventRounds "11"]
[EventCountry "BRA"]

1. e4 e5 2. Nf3 Nc6 3. Bb5 Nf6 4. d3 Bc5 5. c3 O-O 6. O-O d6 7. h3 Ne7 8. d4
Bb6 9. Re1 Ng6 10. Nbd2 c6 11. Ba4 Bc7 12. Bc2 Re8 13. Nf1 exd4 14. cxd4 d5 15.
e5 Ne4 16. Bxe4 dxe4 17. Ng5 Bb6 18. Be3 Qd5 19. Ng3 Ba5 20. Rf1 f6 21. Nxh7
Nxe5 22. dxe5 Qxd1 23. Rfxd1 Rxe5 24. Nxf6+ gxf6 25. Rd6 f5 26. Rad1 Bc7 27.
Rg6+ Kf7 28. Rh6 Re7 29. Nh5 Be5 30. Bd4 Bxd4 31. Rxd4 Be6 32. Rh7+ Kf8 33.
Rh8+ Bg8 34. Rd6 Rh7 35. Rxh7 Bxh7 36. Rd7 Bg8 37. a3 Be6 38. Rxb7 Rd8 39. Nf4
Bf7 40. Kh2 Rd2 41. Kg3 c5 42. h4 c4 43. h5 a6 44. a4 Be8 45. h6 Rd7 46. h7 Kg7
47. Nh5+ Kh8 48. Rb8 Kxh7 49. Nf6+ Kg6 50. Nxd7 1-0

[Event "79Âº Campeonato Brasileiro Absoluto de Xadrez - Fas
[Site "www.cbx.org.br"]
[Date "2013.02.26"]
[Round "2"]
[Board "4"]
[White "Olivencia, Flavio"]
[Black "Carneiro, Vitor Roberto Castro"]
[Result "0-1"]
[WhiteElo "2211"]
[BlackElo "2089"]
[PlyCount "64"]
[EventDate "2013.02.25"]
[EventRounds "11"]
[EventCountry "BRA"]

1. e4 c6 2. d4 d5 3. Nd2 g6 4. c3 Bg7 5. e5 Nh6 6. Bd3 f6 7. exf6 exf6 8. Ne2
O-O 9. O-O Bf5 10. Bxf5 Nxf5 11. Qb3 Qd7 12. Nf3 Re8 13. Nf4 Nd6 14. Nd3 Na6
15. Bf4 Ne4 16. Rfe1 g5 17. Be3 Kh8 18. Qc2 Re7 19. Nc5 Naxc5 20. dxc5 Rae8 21.
h3 f5 22. Bd4 g4 23. hxg4 fxg4 24. Nh4 Bxd4 25. cxd4 Rf7 26. Rf1 Qd8 27. g3
Ref8 28. Rae1 Rxf2 29. Rxf2 Rxf2 30. Qd1 Qf6 31. Qxg4 Qxd4 32. Kh1 Rf8 0-1

[Event "79Âº Campeonato Brasileiro Absoluto de Xadrez - Fas
[Site "www.cbx.org.br"]
[Date "2013.02.26"]
[Round "2"]
[Board "5"]
[White "Brito, Luismar"]
[Black "Molina, Roberto Junio Brito"]
[Result "1-0"]
[WhiteElo "2292"]
[BlackElo "2414"]
[PlyCount "124"]
[EventDate "2013.02.25"]
[EventRounds "11"]
[EventCountry "BRA"]

1. e4 c6 2. d4 d5 3. Nd2 dxe4 4. Nxe4 Nd7 5. Bc4 Ngf6 6. Ng5 e6 7. Qe2 Nb6 8.
Bb3 h6 9. N5f3 a5 10. a3 a4 11. Ba2 c5 12. c3 Qc7 13. Ne5 cxd4 14. cxd4 Bd6 15.
Ngf3 O-O 16. O-O Nbd5 17. Bd2 Qe7 18. Rfe1 Rd8 19. Rac1 Bc7 20. Rc2 Ba5 21.
Rec1 Bxd2 22. Qxd2 Bd7 23. Nxd7 Qxd7 24. g3 Qd6 25. Qd3 g6 26. Ne5 Kg7 27. Bb1
Ng8 28. Rc5 Nge7 29. Qd2 b6 30. R5c4 Nf6 31. Rc7 Rac8 32. Qxh6+ Kxh6 33. Nxf7+
Kh5 34. Nxd6 Rxd6 35. Rxc8 Nxc8 36. Rxc8 Rxd4 37. Rh8+ Kg5 38. Kg2 Nd5 39. Ra8
Ne7 40. Rb8 Rd1 41. Be4 Kf6 42. h4 Ke5 43. Kf3 Rd4 44. Rb7 Rxe4 45. Rxe7 Rd4
46. Rb7 Rd3+ 47. Kg4 Rb3 48. Kg5 Rxb2 49. f4+ Ke4 50. Kxg6 Rg2 51. Rxb6 Rxg3+
52. Kf6 Rb3 53. Rxe6+ Kxf4 54. h5 Rxa3 55. Ra6 Ke4 56. h6 Kd5 57. h7 Rh3 58.
Kg7 Rg3+ 59. Rg6 Rh3 60. Rh6 Rg3+ 61. Kf7 Rf3+ 62. Ke7 Rb3 1-0

[Event "79Âº Campeonato Brasileiro Absoluto de Xadrez - Fas
[Site "www.cbx.org.br"]
[Date "2013.02.26"]
[Round "2"]
[Board "6"]
[White "Menna Barreto, Felipe Kubiaki"]
[Black "Gotz, Klaus Seiji Furucho"]
[Result "1-0"]
[WhiteElo "2285"]
[BlackElo "2081"]
[PlyCount "73"]
[EventDate "2013.02.25"]
[EventRounds "11"]
[EventCountry "BRA"]

1. e4 c5 2. Nf3 g6 3. c3 Bg7 4. d4 cxd4 5. cxd4 d5 6. exd5 Nf6 7. Nc3 Nxd5 8.
Bc4 Nb6 9. Bb3 O-O 10. h3 Nc6 11. Be3 Bf5 12. O-O Na5 13. Qe2 Nxb3 14. axb3 Re8
15. Ra3 a6 16. Rfa1 Rc8 17. Ra5 Be6 18. R1a3 h6 19. Ne5 Nd5 20. Nxd5 Bxd5 21.
h4 h5 22. b4 e6 23. Bg5 f6 24. Nxg6 fxg5 25. Qxh5 Rc1+ 26. Kh2 Qd6+ 27. Rg3
gxh4 28. Qxh4 Qxb4 29. Ne5 Rc7 30. Rc5 Rce7 31. Qh5 Qxd4 32. Rcc3 Qf4 33. Kg1
Bxg2 34. Rxg2 Rd8 35. Ng6 Qf6 36. Nxe7+ Qxe7 37. Rcg3 1-0

[Event "79Âº Campeonato Brasileiro Absoluto de Xadrez - Fas
[Site "www.cbx.org.br"]
[Date "2013.02.27"]
[Round "3"]
[Board "2"]
[White "Molina, Roberto Junio Brito"]
[Black "Menna Barreto, Felipe Kubiaki"]
[Result "1/2-1/2"]
[WhiteElo "2414"]
[BlackElo "2285"]
[PlyCount "108"]
[EventDate "2013.02.25"]
[EventRounds "11"]
[EventCountry "BRA"]

1. d4 d5 2. c4 c6 3. Nf3 Nf6 4. Nc3 e6 5. Bg5 Nbd7 6. e3 Be7 7. cxd5 exd5 8.
Qc2 O-O 9. Bd3 Re8 10. O-O g6 11. h3 Nh5 12. Bxe7 Qxe7 13. Rab1 Nhf6 14. b4 a6
15. a4 Nb6 16. b5 axb5 17. axb5 c5 18. dxc5 Qxc5 19. Rfc1 Bd7 20. Ne2 Qxc2 21.
Rxc2 Ra3 22. Nc3 Kf8 23. Nd4 Rc8 24. Rbc1 Ke7 25. Be2 Kd6 26. Bf3 Rca8 27. g4
h6 28. Kg2 Ra1 29. Nde2 Rxc1 30. Rxc1 Ra5 31. Rb1 Nc4 32. Rd1 Bxb5 33. Nxd5
Nxd5 34. Rxd5+ Kc7 35. Nc3 Bc6 36. Rd4 Ne5 37. Bxc6 Nxc6 38. Rf4 f5 39. gxf5
Rxf5 40. Rxf5 gxf5 41. Kg3 Kd6 42. Kh4 Kc5 43. Kh5 Kc4 44. Nb1 Kb3 45. Kxh6 Kb2
46. Kg7 Kxb1 47. f4 b5 48. h4 b4 49. h5 b3 50. h6 b2 51. h7 Kc2 52. h8=Q b1=Q
53. Qc8 Qb5 54. Kf6 Kd3 1/2-1/2

[Event "79Âº Campeonato Brasileiro Absoluto de Xadrez - Fas
[Site "www.cbx.org.br"]
[Date "2013.02.27"]
[Round "3"]
[Board "3"]
[White "Carneiro, Vitor Roberto Castro"]
[Black "Brito, Luismar"]
[Result "1-0"]
[WhiteElo "2089"]
[BlackElo "2292"]
[PlyCount "61"]
[EventDate "2013.02.25"]
[EventRounds "11"]
[EventCountry "BRA"]

1. c4 c5 2. Nc3 Nc6 3. Nf3 b6 4. g3 Bb7 5. Bg2 Ne5 6. d4 Nxf3+ 7. exf3 cxd4 8.
Qxd4 Nf6 9. Bg5 h6 10. Bxf6 gxf6 11. O-O Bg7 12. Rad1 d6 13. Nd5 O-O 14. Ne3
Qc8 15. Qf4 Re8 16. Nf5 Kh7 17. Qg4 Bf8 18. Qh5 Qxc4 19. b3 Qc2 20. Qxf7+ Kh8
21. Bh3 Bxf3 22. Nd4 Bxd1 23. Nxc2 Bxc2 24. Rc1 Bh7 25. Be6 Bg7 26. Bd7 Bg8 27.
Qxe8 Rxe8 28. Bxe8 f5 29. Rc7 e6 30. Rxa7 Bd4 31. Bf7 1-0

[Event "79Âº Campeonato Brasileiro Absoluto de Xadrez - Fas
[Site "www.cbx.org.br"]
[Date "2013.02.27"]
[Round "3"]
[Board "5"]
[White "Mendonca, Mateus Nakajo"]
[Black "Santiago, Yago De Moura"]
[Result "1-0"]
[WhiteElo "2255"]
[BlackElo "2405"]
[PlyCount "65"]
[EventDate "2013.02.25"]
[EventRounds "11"]
[EventCountry "BRA"]

1. e4 c5 2. Nf3 d6 3. d4 cxd4 4. Nxd4 Nf6 5. Nc3 e6 6. Be2 Be7 7. O-O O-O 8.
Be3 Nc6 9. f4 Bd7 10. Nb3 a5 11. a4 Nb4 12. Bf3 Bc6 13. Nd4 Re8 14. Qe2 Nd7 15.
Rad1 Rc8 16. Rd2 Qc7 17. Ndb5 Qb8 18. Rfd1 d5 19. exd5 exd5 20. Qf2 Bxb5 21.
Nxb5 Bc5 22. Bxc5 Nxc5 23. c3 Ne4 24. Bxe4 dxe4 25. Qa7 Nc6 26. Qe3 Re7 27. Nd6
Rf8 28. f5 Kh8 29. f6 gxf6 30. Qh6 Re6 31. Rd5 Ne5 32. Nf5 Nf3+ 33. Kh1 1-0

[Event "79Âº Campeonato Brasileiro Absoluto de Xadrez - Fas
[Site "www.cbx.org.br"]
[Date "2013.02.27"]
[Round "3"]
[Board "6"]
[White "Souza Neves, Andrey M."]
[Black "Barbosa, Evandro Amorim"]
[Result "0-1"]
[WhiteElo "2159"]
[BlackElo "2422"]
[PlyCount "66"]
[EventDate "2013.02.25"]
[EventRounds "11"]
[EventCountry "BRA"]

1. b3 e5 2. Bb2 Nc6 3. e3 Nf6 4. c4 d5 5. cxd5 Nxd5 6. a3 Bd6 7. Qc2 O-O 8. Bd3
Kh8 9. Be4 Be6 10. Nc3 Nde7 11. d3 f5 12. Bf3 Qd7 13. Nge2 Ng6 14. h4 h6 15. h5
Nge7 16. b4 Bxb4 17. Bxc6 Nxc6 18. axb4 Nxb4 19. Qb1 Nxd3+ 20. Kf1 f4 21. Ba3
f3 22. Bxf8 fxe2+ 23. Nxe2 Rxf8 24. f3 e4 25. f4 Bc4 26. Rh4 Qe7 27. g3 Qc5 28.
Qxb7 Qxe3 29. Qxa7 Qf3+ 30. Kg1 Qxe2 31. Qd4 Ne1 32. Rxe1 Qxe1+ 33. Kh2 Qe2+
0-1

[Event "79Âº Campeonato Brasileiro Absoluto de Xadrez - Fas
[Site "www.cbx.org.br"]
[Date "2013.02.28"]
[Round "4"]
[Board "1"]
[White "Macedo, Maximo Iack"]
[Black "Barbosa, Evandro Amorim"]
[Result "0-1"]
[WhiteElo "2408"]
[BlackElo "2422"]
[PlyCount "86"]
[EventDate "2013.02.25"]
[EventRounds "11"]
[EventCountry "BRA"]

1. d4 Nf6 2. c4 g6 3. g3 Bg7 4. Bg2 d5 5. cxd5 Nxd5 6. Nf3 Nb6 7. O-O Nc6 8. e3
e5 9. Nxe5 Nxe5 10. dxe5 Qxd1 11. Rxd1 Bxe5 12. Nc3 c6 13. e4 Be6 14. f4 Bxc3
15. bxc3 Na4 16. f5 gxf5 17. exf5 Bxf5 18. Ba3 Be6 19. Rab1 Nxc3 20. Rxb7 Nxd1
21. Bxc6+ Kd8 22. Be7+ Kc8 23. Bd6 Nc3 24. Be5 Ne2+ 25. Kg2 f6 26. Bxf6 Rf8 27.
Be5 Rf5 28. Rxh7 Rxe5 29. Bxa8 a5 30. a3 Nd4 31. Rh4 Re2+ 32. Kf1 Bc4 33. Bd5
Ba6 34. Kg1 Rd2 35. Rh6 Ne2+ 36. Kf2 Nc3+ 37. Ke3 Rd3+ 38. Kf2 Nxd5 39. Rxa6
Rxa3 40. h4 Kb7 41. Rd6 a4 42. h5 Ra2+ 43. Kg1 a3 0-1

[Event "79Âº Campeonato Brasileiro Absoluto de Xadrez - Fas
[Site "www.cbx.org.br"]
[Date "2013.02.28"]
[Round "4"]
[Board "2"]
[White "Santiago, Yago De Moura"]
[Black "Souza Neves, Andrey M."]
[Result "1-0"]
[WhiteElo "2405"]
[BlackElo "2159"]
[PlyCount "79"]
[EventDate "2013.02.25"]
[EventRounds "11"]
[EventCountry "BRA"]

1. e4 b6 2. d4 Bb7 3. Bd3 e6 4. Nf3 g6 5. Nc3 Bg7 6. Qe2 d6 7. h4 h6 8. Be3 Nd7
9. Ba6 Qc8 10. Bxb7 Qxb7 11. h5 g5 12. Nd2 Ne7 13. O-O-O a6 14. Nf1 c5 15. Ng3
Nc6 16. d5 Nd4 17. Qe1 O-O-O 18. Nce2 Nxe2+ 19. Qxe2 Ne5 20. Kb1 b5 21. Bc1 Kb8
22. Nf1 Nc4 23. Ne3 Nb6 24. Qg4 Rhe8 25. g3 Na4 26. f4 Qe7 27. fxg5 hxg5 28.
Rhf1 Be5 29. Qf3 Qf8 30. Ng4 Qh8 31. Nxe5 Qxe5 32. Qxf7 g4 33. dxe6 Qxe6 34.
Qxe6 Rxe6 35. h6 Rxe4 36. h7 Ree8 37. Rf7 c4 38. Bg5 Rc8 39. Bf6 Nc5 40. Rh1
1-0

[Event "79Âº Campeonato Brasileiro Absoluto de Xadrez - Fas
[Site "www.cbx.org.br"]
[Date "2013.02.28"]
[Round "4"]
[Board "3"]
[White "Olivencia, Flavio"]
[Black "Mendonca, Mateus Nakajo"]
[Result "0-1"]
[WhiteElo "2211"]
[BlackElo "2255"]
[PlyCount "80"]
[EventDate "2013.02.25"]
[EventRounds "11"]
[EventCountry "BRA"]

1. e4 c5 2. Nf3 e6 3. c3 Nf6 4. d3 d5 5. e5 Nfd7 6. d4 Nc6 7. Bg5 Qa5 8. Qd2
cxd4 9. cxd4 Qxd2+ 10. Kxd2 f6 11. exf6 gxf6 12. Be3 Bb4+ 13. Nc3 Nb6 14. Rc1
Bd7 15. Bd3 Rc8 16. Ke2 Na5 17. Nd2 Nac4 18. Nxc4 Nxc4 19. Nd1 O-O 20. Bh6 Rfe8
21. b3 Nd6 22. Rxc8 Rxc8 23. Bd2 Ba3 24. Bc3 Nb5 25. Bxb5 Bxb5+ 26. Kd2 Kf7 27.
f4 Bd6 28. g3 h5 29. Ne3 h4 30. a4 Bd7 31. Rf1 hxg3 32. hxg3 Rh8 33. Ke2 b5 34.
Kf3 Rh2 35. axb5 Bxb5 36. Rf2 Rh1 37. f5 Rh3 38. fxe6+ Kxe6 39. Rg2 Bd3 40. Rg1
Be4+ 0-1

[Event "79Âº Campeonato Brasileiro Absoluto de Xadrez - Fas
[Site "www.cbx.org.br"]
[Date "2013.02.28"]
[Round "4"]
[Board "6"]
[White "Gotz, Klaus Seiji Furucho"]
[Black "Molina, Roberto Junio Brito"]
[Result "1/2-1/2"]
[WhiteElo "2081"]
[BlackElo "2414"]
[PlyCount "77"]
[EventDate "2013.02.25"]
[EventRounds "11"]
[EventCountry "BRA"]

1. d4 d5 2. c4 e6 3. Nc3 Nf6 4. Nf3 c6 5. cxd5 exd5 6. Qc2 g6 7. Bg5 Be7 8. e3
Bf5 9. Bd3 Bxd3 10. Qxd3 O-O 11. Bxf6 Bxf6 12. b4 a6 13. O-O Qd6 14. Rab1 Nd7
15. a4 Rfd8 16. Rfc1 Rac8 17. Nd2 Nf8 18. Nb3 Ne6 19. Nc5 Rc7 20. Ne2 Rdc8 21.
Rc2 Ng7 22. Rbc1 Ne8 23. h3 Kg7 24. Qb3 Qd8 25. b5 axb5 26. axb5 Nd6 27. bxc6
bxc6 28. Nf4 Qe7 29. Nfd3 Qe8 30. Rb1 Nc4 31. Kh1 Be7 32. Qc3 Bxc5 33. Nxc5 Ra7
34. Ra1 Rxa1+ 35. Qxa1 Rb8 36. Ra2 Nd6 37. Rb2 Ra8 38. Ra2 Rb8 39. Rb2 1/2-1/2

[Event "79Âº Campeonato Brasileiro Absoluto de Xadrez - Fas
[Site "www.cbx.org.br"]
[Date "2013.02.28"]
[Round "5"]
[Board "1"]
[White "Molina, Roberto Junio Brito"]
[Black "Macedo, Maximo Iack"]
[Result "1-0"]
[WhiteElo "2414"]
[BlackElo "2408"]
[PlyCount "147"]
[EventDate "2013.02.25"]
[EventRounds "11"]
[EventCountry "BRA"]

1. d4 Nf6 2. c4 e6 3. Nc3 d5 4. cxd5 Nxd5 5. e4 Nxc3 6. bxc3 c5 7. Nf3 cxd4 8.
cxd4 Bb4+ 9. Bd2 Bxd2+ 10. Qxd2 O-O 11. Bc4 b6 12. O-O Bb7 13. Rfe1 Qd6 14.
Rad1 Nd7 15. d5 exd5 16. e5 Qe7 17. Bxd5 Bxd5 18. Qxd5 Nc5 19. Nd4 Qb7 20. Qxb7
Nxb7 21. Nc6 Rfe8 22. f4 a6 23. Rb1 b5 24. a4 Rac8 25. axb5 axb5 26. Na7 Rc4
27. Nxb5 Rd8 28. g3 h5 29. Red1 Ra8 30. Rdc1 Rc5 31. Nd4 Ra2 32. Nf3 f6 33.
Rxc5 Nxc5 34. exf6 gxf6 35. Nh4 Rc2 36. Re1 Nd3 37. Rf1 Rc1 38. Rxc1 Nxc1 39.
Kf2 Kf7 40. Ke3 Ke6 41. Nf3 Na2 42. Nd4+ Kf7 43. Kd3 Nb4+ 44. Kc4 Na6 45. Kb5
Nb8 46. Kc5 Na6+ 47. Kd5 Nb4+ 48. Ke4 Na6 49. f5 Nc5+ 50. Ke3 Nb7 51. Nb5 Nc5
52. Kd4 Nb3+ 53. Kd5 Nd2 54. Nd4 Nf1 55. Nf3 Ne3+ 56. Ke4 Nc4 57. Kf4 Nd6 58.
Nd2 Kg7 59. Ne4 Nc4 60. Kf3 Kf7 61. Ke2 Kg7 62. h3 Kf7 63. Kd3 Ne5+ 64. Ke3
Nc4+ 65. Kd4 Ne5 66. Nd2 Nc6+ 67. Ke4 Ne5 68. Kd4 Nc6+ 69. Kd5 Nb4+ 70. Ke4 Nc6
71. Nc4 Ke7 72. Ne3 Ne5 73. Nd5+ Kf7 74. Nf4 1-0

[Event "79Âº Campeonato Brasileiro Absoluto de Xadrez - Fas
[Site "www.cbx.org.br"]
[Date "2013.02.28"]
[Round "5"]
[Board "2"]
[White "Carneiro, Vitor Roberto Castro"]
[Black "Gotz, Klaus Seiji Furucho"]
[Result "1-0"]
[WhiteElo "2089"]
[BlackElo "2081"]
[PlyCount "87"]
[EventDate "2013.02.25"]
[EventRounds "11"]
[EventCountry "BRA"]

1. c4 Nf6 2. Nc3 g6 3. g3 Bg7 4. Bg2 O-O 5. e4 d6 6. Nge2 c5 7. O-O Nc6 8. d3
Ne8 9. Be3 Nd4 10. Rb1 a5 11. f4 f5 12. h3 Nc7 13. Qd2 Rb8 14. b3 Bd7 15. a4
Bc6 16. Nd5 Nce6 17. Nec3 Nc7 18. Kh2 e6 19. Nxc7 Qxc7 20. Nb5 Bxb5 21. axb5 b6
22. Bxd4 Bxd4 23. exf5 gxf5 24. Rbe1 Rbe8 25. Bc6 Re7 26. g4 fxg4 27. hxg4 Rg7
28. Qe2 e5 29. Bd5+ Kh8 30. fxe5 Rxf1 31. Qxf1 Qe7 32. Kh3 Bxe5 33. Qf5 Rg6 34.
Rf1 Bf6 35. g5 Qe3+ 36. Rf3 Qxg5 37. Qxg5 Bxg5 38. Rf7 h5 39. Rb7 Bf4 40. Rxb6
Kg7 41. Rb8 Kf6 42. Rf8+ Ke5 43. Re8+ Kf6 44. Re6+ 1-0

[Event "79Âº Campeonato Brasileiro Absoluto de Xadrez - Fas
[Site "www.cbx.org.br"]
[Date "2013.02.28"]
[Round "5"]
[Board "4"]
[White "Mendonca, Mateus Nakajo"]
[Black "Brito, Luismar"]
[Result "1-0"]
[WhiteElo "2255"]
[BlackElo "2292"]
[PlyCount "47"]
[EventDate "2013.02.25"]
[EventRounds "11"]
[EventCountry "BRA"]

1. e4 c5 2. Nf3 d6 3. d4 cxd4 4. Nxd4 Nf6 5. Nc3 a6 6. Bc4 Nbd7 7. f4 Qb6 8.
Bb3 e6 9. Be3 Nc5 10. Qf3 Qc7 11. f5 Be7 12. g4 h6 13. h4 g6 14. fxg6 fxg6 15.
Rf1 Rh7 16. Bxh6 Rxh6 17. g5 Rxh4 18. gxf6 Bf8 19. f7+ Kd8 20. O-O-O Qe7 21.
Qg3 Rh5 22. Nf3 Kc7 23. Qxg6 Nxb3+ 24. axb3 1-0

[Event "79Âº Campeonato Brasileiro Absoluto de Xadrez - Fas
[Site "www.cbx.org.br"]
[Date "2013.02.28"]
[Round "5"]
[Board "5"]
[White "Souza Neves, Andrey M."]
[Black "Olivencia, Flavio"]
[Result "1-0"]
[WhiteElo "2159"]
[BlackElo "2211"]
[PlyCount "91"]
[EventDate "2013.02.25"]
[EventRounds "11"]
[EventCountry "BRA"]

1. d4 Nf6 2. Nf3 g6 3. c4 Bg7 4. g3 O-O 5. Bg2 c5 6. d5 d6 7. Nc3 Bf5 8. Nh4
Bd7 9. O-O Na6 10. h3 Nc7 11. a4 b6 12. e4 a6 13. f4 Nfe8 14. Qe2 Rb8 15. Nf3
b5 16. e5 bxc4 17. Rd1 Qc8 18. g4 Rb4 19. Be3 a5 20. Bf2 Qb8 21. Rd2 Na8 22.
Bh4 f6 23. e6 Bc8 24. Rf1 Nb6 25. Qd1 Bb7 26. f5 gxf5 27. Nh2 Bh6 28. g5 fxg5
29. Qh5 Rf6 30. Ng4 fxg4 31. Rxf6 Nxf6 32. Qxh6 Qf8 33. Qxg5+ Qg7 34. Qf5 Qg6
35. Qxg6+ hxg6 36. Bxf6 exf6 37. Ne4 Nc8 38. Nxf6+ Kg7 39. Nxg4 Ne7 40. Rf2 Nf5
41. Kh2 c3 42. bxc3 Rxa4 43. Rb2 Ba6 44. Rb6 Be2 45. Rb7+ Kf8 46. Nf6 1-0

[Event "79Âº Campeonato Brasileiro Absoluto de Xadrez - Fas
[Site "www.cbx.org.br"]
[Date "2013.02.28"]
[Round "5"]
[Board "6"]
[White "Barbosa, Evandro Amorim"]
[Black "Santiago, Yago De Moura"]
[Result "0-1"]
[WhiteElo "2422"]
[BlackElo "2405"]
[PlyCount "86"]
[EventDate "2013.02.25"]
[EventRounds "11"]
[EventCountry "BRA"]

1. e4 e6 2. d4 d5 3. Nc3 Bb4 4. e5 c5 5. a3 Bxc3+ 6. bxc3 Ne7 7. Qg4 Qc7 8.
Qxg7 Rg8 9. Qxh7 cxd4 10. Ne2 Nbc6 11. f4 dxc3 12. h4 Bd7 13. h5 O-O-O 14. Qd3
d4 15. h6 Kb8 16. h7 Rh8 17. g4 Bc8 18. Bg2 b6 19. Rh3 Bb7 20. Kf2 Qc8 21. Be4
Ba6 22. Qg3 Nd5 23. Bd3 Bxd3 24. Qxd3 Qc7 25. Rh6 Na5 26. Qe4 d3 27. Qxd3 Nc4
28. Qe4 Qc5+ 29. Kf3 Ne7 30. Be3 Nd2+ 31. Bxd2 cxd2 32. Rhh1 Nc6 33. c3 Na5 34.
Rhd1 Rd7 35. Ra2 Rxh7 36. Raxd2 Rh3+ 37. Kg2 Re3 38. Qa4 b5 39. Qxa5 Rxe2+ 40.
Rxe2 Rxd1 41. Qb4 Qg1+ 42. Kh3 Qh1+ 43. Kg3 Rd3+ 0-1

[Event "79Âº Campeonato Brasileiro Absoluto de Xadrez - Fas
[Site "www.cbx.org.br"]
[Date "2013.03.01"]
[Round "6"]
[Board "2"]
[White "Olivencia, Flavio"]
[Black "Barbosa, Evandro Amorim"]
[Result "1-0"]
[WhiteElo "2211"]
[BlackElo "2422"]
[PlyCount "85"]
[EventDate "2013.02.25"]
[EventRounds "11"]
[EventCountry "BRA"]

1. e4 c5 2. Nf3 e6 3. d4 cxd4 4. c3 Nf6 5. e5 Nd5 6. cxd4 d6 7. Nc3 Nxc3 8.
bxc3 Qc7 9. Bd2 Nd7 10. exd6 Bxd6 11. Bd3 b6 12. O-O Bb7 13. h3 O-O 14. Qe2 Bf4
15. Bxf4 Qxf4 16. Qe3 Qd6 17. Rfd1 Rac8 18. Rac1 Rfd8 19. c4 g6 20. Be4 Bxe4
21. Qxe4 Nf6 22. Qh4 Kg7 23. Ne5 Qa3 24. Rc2 Qa4 25. Rcd2 b5 26. cxb5 Qxb5 27.
Rd3 Qa4 28. Rb1 Qc2 29. Rb7 Rf8 30. Rf3 Qc1+ 31. Kh2 g5 32. Qg3 h6 33. h4 Qd2
34. Nxf7 Qxd4 35. Nxg5+ Kh8 36. Nxe6 Ng4+ 37. Kh3 Rxf3 38. gxf3 Nxf2+ 39. Kg2
Qf6 40. Qxf2 Rg8+ 41. Kh2 Re8 42. Qg3 Rg8 43. Qf4 1-0

[Event "79Âº Campeonato Brasileiro Absoluto de Xadrez - Fas
[Site "www.cbx.org.br"]
[Date "2013.03.01"]
[Round "6"]
[Board "3"]
[White "Brito, Luismar"]
[Black "Souza Neves, Andrey M."]
[Result "1-0"]
[WhiteElo "2292"]
[BlackElo "2159"]
[PlyCount "89"]
[EventDate "2013.02.25"]
[EventRounds "11"]
[EventCountry "BRA"]

1. e4 b6 2. d4 Bb7 3. Bd3 e6 4. Nf3 g6 5. Qe2 Bg7 6. Nbd2 d6 7. c3 Ne7 8. O-O
O-O 9. Re1 c5 10. dxc5 bxc5 11. Nc4 Nbc6 12. Bf4 Nc8 13. Rad1 d5 14. Nce5 N8e7
15. Bg3 Nxe5 16. Bxe5 Bxe5 17. Nxe5 Nc6 18. Nf3 Qf6 19. e5 Qf4 20. Ba6 Rab8 21.
Bxb7 Rxb7 22. b3 Rb6 23. g3 Qg4 24. Kg2 f5 25. exf6 Rxf6 26. h3 Qf5 27. g4 Qf4
28. g5 Rf7 29. Qe3 Qxe3 30. Rxe3 Re7 31. Nh2 d4 32. cxd4 cxd4 33. Re4 a5 34.
Ng4 a4 35. Rd3 axb3 36. axb3 Rb5 37. h4 Kf7 38. Re2 Reb7 39. Rc2 Nb4 40. Rdd2
Nxc2 41. Rxc2 Rxb3 42. Rc8 d3 43. Rh8 Kg7 44. Re8 Rd7 45. Nh6 1-0